| 000 | 00671nam a22001577a 4500 | ||
|---|---|---|---|
| 999 |
_c61112 _d61112 |
||
| 005 | 20231220124016.0 | ||
| 008 | 231220s1961 ru ||||| |||| 00| 0 rus d | ||
| 041 | _arus | ||
| 080 | _a821.411.11'01-131 Э 72 | ||
| 245 |
_aЭпос о Гильгамеше : _b("О все видавшем") / _cПер. с аккад. И. М. Дьяконова. |
||
| 264 |
_aМосква-Ленинград : _bИздательство Академии наук СССР, _c1961. |
||
| 300 |
_a215 с.; _b23 см. |
||
| 653 | _aგილგამეშის ეპოსი | ||
| 700 |
_aДьяконова, И. М. _eმთარგმნელი _920803 |
||
| 942 |
_2udc _cᲬᲘᲒᲜᲘ |
||